| 000 | 00000nam##2200000za#4500 |
| 001 | 9.603025 |
| 003 | CaOODSP |
| 005 | 20220107134004 |
| 007 | cr ||||||||||| |
| 008 | 150406|1995||||xxc|||||o f|0| 0 fre|d |
| 040 | |aCaOODSP|bfre |
| 043 | |an-cn--- |
| 086 | 1 |aH72-22/4-1995F-PDF |
| 110 | 2 |aCentre national d'information sur la violence dans la famille (Canada) |
| 245 | 13|aLa violence conjugale / |h[ressource électronique]|cpréparé par Linda MacLeod. |
| 260 | |aOttawa - Ontario : |bSanté Canada. |c1995. |
| 300 | |a12p.|bréférences |
| 490 | 1 |aRenseignements du Centre national d'information sur la violence dans la famille |
| 500 | |aLe n° de catalogue (H72-22/4-1995F) et l'ISBN (0-662-80522-4) de l'édition imprimée ont été incorrectement copiés dans l'édition électronique |
| 590 | |a11-31-Supp|b2011-12-13 |
| 691 | 07|aViolence familiale|2gcpds |
| 720 | 1 |aMacLeod, Linda |
| 775 | 08|tWife abuse / |w(CaOODSP)9.572694 |
| 776 | 0#|tLa violence conjugale |w(CaOODSP)9.623530 |
| 830 | #0|aRenseignements du Centre national d'information sur la violence dans la famille.|w(CaOODSP)9.500887 |
| 856 | 40|ahttp://publications.gc.ca|qPDF|s50 Ko|uhttps://publications.gc.ca/collections/Collection/H72-22-4-1995F.pdf |